000 00598nam a22002297a 4500
003 UA-OsUOA
001 49153
007 ta
008 20070924b un ||||| |||| 00| 0 ukr d
100 _aБубнис В.
090 _a82
_bБ90
942 _cBK
040 _aUA-OsUOA
_brus
_cUA-OsUOA
_dUA-OsUOA
245 _aЦветение несеяной ржи
300 _a605 с.
955 _a3
041 _arus
080 _a82
260 _aМ.
_bСоветский писатель
_c1978
650 7 _a82 Література. Літературознавство
_2UDC
999 _c335263
_d335263